000 01763nam a2200325 a 4500
001 199985
003 AM-YeHGA
005 20251030101011.0
008 030625s1868 tu |||||||||||||||1|arm|d
040 _aAM-YeHGA
041 1 _aarm
_hfre
100 1 _aՀյուգո, Վիկտոր,
_d1802-1885
_95858
245 1 0 _aԹշուառներ :
_b[Վեպ] /
_cՎիգթօր Հիւկօ ; Թարգմ.՝ Գր. Չիլինկիրեան ; Տէր եւ հրատարակիչ՝ Տիգրան Յարութիւն Տէտէեան․
260 _aԶմիւռնիա :
_bտպ. Տէտէեան,
_c1868.
300 _aմաս, հատոր ;
_c21 սմ.
505 0 0 _gՄ․ 1, Հ. 1 (1868; 244 էջ) :
_tՖանթին ;
505 0 0 _gՄ. 1, Հ. 2 (1868, 237 էջ) :
_tՖանթին ;
505 0 0 _gՄ. 2. Հ. 3 (1868, 222 էջ) :
_tԳօզէթ ;
505 0 0 _gՄ. 2. Հ. 4 (1868, 196 էջ) :
_tԳօզէթ ;
505 1 0 _gՄ. 3. Հ. 5 (1868 ; 191 էջ) :
_tՄարիուս ;
505 1 0 _gՄ. 3. Հ. 6 (1869 ; 180 էջ) :
_tՄարիուս ;
505 0 0 _gՄ. 4. Հ. 7 (1869, 272 էջ) :
_tԲլիւմէ փողոցը հովուերգութիւն եւ Սէն-Տընի փողոցը դիւցազներգութիւն ;
505 0 0 _gՄ. 4. Հ. 8 (1869, 240 էջ) :
_tԲլիւմէ փողոցը հովուերգութիւն եւ Սէն-Տընի փողոցը դիւցազներգութիւն ;
505 0 0 _gՄ. 5. Հ. 9 (1869, 1870, 239 էջ) :
_tԺան Վալժան ;
505 0 0 _gՄ. 5. Հ. 10 (1869, 1870, 192 էջ) :
_tԺան Վալժան.
650 1 4 _aՖրանսիական գրականություն
_vՎեպ
700 1 _aՉիլինկիրեան, Գր․
_eթարգմանիչ
_4 trl
700 1 _aՏէտէեան, Տիգրան Յարութիւն
_eհրատարակիչ
_4edt
_93983
942 _2udc
_cBK
999 _c533592
_d533592